000
00279nam a2200109Ia 4500
008
200302s9999 xx 000 0 und d
100
_a
Richard Horden
245
_a
Micro Architecture with 680 Illustrations
260
_b
Thames and Hudson Ltd.
260
_c
2008
300
_a
347 P.,
999
_c
2607
_d
2607